شا م کی منڈ ير سے (Record no. 171920)

MARC details
000 -LEADER
fixed length control field 00588nam a22001937a 4500
005 - DATE AND TIME OF LATEST TRANSACTION
control field 20200123123139.0
010 ## - LCCN (DPL NO)
LC control number A-441439
020 ## - INTERNATIONAL STANDARD BOOK NUMBER
Terms of availability 80.00
International Standard Book Number -
035 ## - SYSTEM CONTROL NUMBER
System control number A-441439
037 ## - SOURCE OF ACQUISITION
Source of stock number/acquisition BPPD/Pub.
Stock number -
082 ## - DEWEY DECIMAL CLASSIFICATION NUMBER
Classification number 921
100 ## - MAIN ENTRY--PERSONAL NAME
Personal name و ز ير آ غا
245 ## - TITLE STATEMENT
Title شا م کی منڈ ير سے
Statement of responsibility, etc و ز ير آ غا
246 ## - VARYING FORM OF TITLE
Remainder of title Shaam Ki Munder Se (Urdu)
Title proper/short title by Vazir Agha
260 ## - PUBLICATION, DISTRIBUTION, ETC. (IMPRINT)
Place of publication, distribution, etc Lahore
Name of publisher, distributor, etc Maktaba Fikr-o-Khyal
Date of publication, distribution, etc 1986 ء
270 ## - ADDRESS
Address 172,Satluj Block Iqbal Town,
City Lahore
Postal code -
Telephone number -
Fax number -
300 ## - PHYSICAL DESCRIPTION
Extent 287 ص
Dimensions 22 Cm(Hb)
942 ## - ADDED ENTRY ELEMENTS (KOHA)
Source of classification or shelving scheme Dewey Decimal Classification
Item type Urdu Bks
Classification part 921
Call number suffix و ز ی
Holdings
Withdrawn status Lost status Not for loan Collection code Home library Current library Date acquired Source of acquisition Cost, normal purchase price Full call number Barcode Copy number Cost, replacement price Koha item type
      Non-fiction Central Library Central Library 23/01/2020 BPPD/Ven. 80.00 921 و ز ی A-441439 1 80.00 Urdu Bks

© Delhi Public Library
Hit Counter
free hit counter